| 000 | 04301nam0a2200529 4500 | ||
|---|---|---|---|
| 001 | RU\NLR\BIBL_A\011986029 | ||
| 005 | 20260407094428.0 | ||
| 020 |
_aRU _9Ленинград в Великой Отечественной войне. Коллекция. Афиши |
||
| 035 | _a(NLR Aleph) 011986029 | ||
| 090 |
_a11333682 _c11333682 |
||
| 100 | _a20190411d1944 u y0rusy50 ca | ||
| 101 | 0 | _arus | |
| 102 | _aRU | ||
| 105 | _ay z 000zy | ||
| 135 | _acrcn 024anaba | ||
| 200 | 1 |
_a7 мая. Спектакли театра Краснознаменного Балтфлота. А.Н. Островский. Без вины виноватые: комедия в 4-х действиях. Постановка Засл. арт. РСФСР В.И. Честнокова. Художник В.М. Коваленко _e[афиша] _fВыборгский дом культуры |
|
| 210 |
_a[Ленинград] _cЛТ УН-6 _d[1944] |
||
| 215 |
_a1 л. _d41х52 |
||
| 300 | _aНачало спектаклей в 19 часов. Билеты продаются в кассе театра Выборгского Дома Культуры ежедневно с 12 часов дня до 20 часов. Дети до 16 лет на вечерние спектакли не допускаются. Верхнее платье снимать обязательно | ||
| 300 | _aЗак. 83 | ||
| 325 | _aКопия доступна в Электрон. б-ке РНБ | ||
| 327 | _aДействующие лица: Отрадина, она же впоследствии Кручинина - арт. Е.В. Аскинази; Муров - арт. А.Г. Рахленко; Аннушка - арт. А.В. Дэльвин; Дудукин - арт. Л.А. Головко; Коринкина - арт. А.З. Курашева, Засл. арт. РСФСР М.А. Варламова; Шмага - арт. М.К. Девяткин; Незнамов - Засл. арт. РСФСР В.И. Честноков; Миловзоров - арт. И.П. Дмитриев; Шелавина - арт. М.Ф. Мамкина; Галчиха - арт. М.Н. Самойлова; Иван - арт. А.М. Ващенко. Ведет спектакль М.Ц. Позин. Художественный руководитель театра Заслуженный артист РСФСР А.В. Пергамент | ||
| 500 | 1 | 0 |
_6z20702 _aБез вины виноватые |
| 606 | 1 |
_aТеатральная жизнь _jАфиши _yЛенинград, город _z1941 - 1944 _92398624 _3RU\NLR\AUTH\6601649837 |
|
| 686 | _aЩ333(2Р=Рус)7- 692Ленинград | ||
| 702 | 1 |
_8rus _7ca _aОстровский _bА. Н. _cдраматург _f1823-1886 _gАлександр Николаевич _3RU\NLR\AUTH\776244 _9116199 |
|
| 702 | 1 |
_4005 _7ca _8rus _aЧестноков _bВ. И. _cактер _f1904-1968 _gВладимир Иванович _9202277 _3RU\NLR\AUTH\770202328 |
|
| 702 | 1 |
_4040 _7ca _8rus _aКоваленко _bВ. М. _cтеатр. художник, фотограф _f1908-1966 _gВячеслав Михайлович _9202284 _3RU\NLR\AUTH\770202335 |
|
| 710 | 0 | 2 |
_aТеатр Краснознаменного Балтийского флота _3RU\NLR\AUTH\889919681 _9335604 |
| 712 | 0 | 2 |
_4570 _aВыборгский дворец культуры _cЛенинград _3RU\NLR\AUTH\889938536 _9371919 |
| 852 |
_aNLR _jЛ3-330а/10/3/1944-май/2 |
||
| 856 | 0 | _uhttp://vivaldi.nlr.ru/la700000340/view | |
| 856 | 1 | _uhttp://vivaldi.nlr.ru/la700000340/cover | |
| 856 | 2 | _uhttp://vivaldi.nlr.ru/la700000340/text | |
| 942 | _cVISUAL | ||
| 945 | _aРоссийская национальная библиотека | ||
| 980 | _aNB | ||
| 980 | _aBV | ||
| 980 | 3 | _akplen | |
| 980 | 3 | _akp | |
| 981 | 3 | 7 |
_a(37) Ленинград в Великой Отечественной войне _b(37) Афиши блокадного Ленинграда |